Presidir la asamblea, al servicio de una celebración viva (Record no. 121132)

MARC details
000 -LEADER
campo de control de longitud fija 00751nam a2200181 4500
001 - NÚMERO DE CONTROL
campo de control 121132
003 - IDENTIFICADOR DE NÚMERO DE CONTROL
campo de control ES-MaACL
005 - FECHA Y HORA DE LA ÚLTIMA TRANSACCIÓN
campo de control 20230906191709.0
007 - CAMPO FIJO DE DESCRIPCIÓN FÍSICA--INFORMACIÓN GENERAL
campo de control de longitud fija t|
008 - DATOS DE LONGITUD FIJA--INFORMACIÓN GENERAL
campo de control de longitud fija 070214s1970 sp r ||||1| spa d
111 2# - ENTRADA PRINCIPAL--NOMBRE DE CONGRESO/REUNIÓN
Nombre de congreso/reunión o jurisdicción como elemento de entrada Jornadas Nacionales de Pastoral Litúrgica (
Sede del congreso/Lugar de la reunión Madrid (
Fecha del congreso o de la firma del tratado 1970) (
Número del congreso/reunión o número de parte o sección . 4º)
9 (RLIN) 844
245 10 - MENCIÓN DEL TÍTULO
Título Presidir la asamblea, al servicio de una celebración viva
Resto del título : [Jornadas Nacionales de Pastoral Litúrgica] /
Mención de responsabilidad, etc. P. Tena... [et al.] ; [organizadas por el] Secretariado Nacional de Liturgia.
260 ## - PUBLICACIÓN, DISTRIBUCIÓN, ETC.
Lugar de publicación, distribución, etc. Madrid :
Nombre del editor, distribuidor, etc. Propaganda Popular Católica,
Fecha de publicación, distribución, etc. 1970.
300 ## - DESCRIPCIÓN FÍSICA
Extensión 267 p. ;
Dimensiones 22 cm.
700 1# - ENTRADA AGREGADA--NOMBRE PERSONAL
Nombre de persona Tena, Pere (
Fechas asociadas al nombre 1928-2014)
9 (RLIN) 109685
710 2# - ENTRADA AGREGADA--NOMBRE DE ENTIDAD CORPORATIVA
Nombre de entidad corporativa o nombre de jurisdicción como elemento de entrada Secretariado Nacional de Liturgia (España)
9 (RLIN) 6534
852 ## - LOCALIZACIÓN
Ubicación ES-MaACL
Número de control de estantería C-44657
Sublocalización o colección R.74555
Holdings
Estatus retirado Estado de pérdida Estado de daño No para préstamo Biblioteca de origen Biblioteca actual Ubicación en estantería Fecha de adquisición Fuente de adquisición Total de préstamos Signatura topográfica completa Código de barras Visto por última vez Precio de reemplazo Tipo de ítem Koha
        Biblioteca del Ateneo de Madrid Biblioteca del Ateneo de Madrid Depósito 2 17/01/2008     C-44657 1126244 23/02/2023 23/02/2023 Libro impreso